000
00263nam a2200121Ia 4500
008
190216s9999||||xx |||||||||||||| ||und||
100
_a
Agarwal An
245
0
_a
Economic Planning
260
_b
Viswanathan S.
300
_a
422p
650
_a
Commerce
942
_c
BK
999
_c
4191
_d
4191